00432nam a22001217a 4500008004100000020001500041050002000056100003000076245011400106260004400220300002400264500002200288170302b xxu||||| |||| 00| 0 eng d a0766802558 aRT 63 .A53 1999 aAndersen, Carol A.Fetters aNursing Student to Nursing Leander :bThe critical path to leadership development /cCarol A.Fetters Andersen aDelmar :bWilliam Brottmiller ,c1999 . avii,362p. :bill. ; aincludes appendix